00389 a2200145 4500001000700000003000400007005001700011008004100028082001800069100002100087245007500108260002900183300001000212700002100222131536OSt20210914154228.0  a410.285bJ97S1 aJurafsky, Daniel1 aSpeech and language processingcby Daniel Jurafsky and James H. Martin aNew DelhibPearsonc2012 a908p. aMartin, James H.